000
00199nam a2200085Ia 4500
008
120527s9999 xx 000 0 und d
100
_a
Mclntyre, J. lisa
245
_a
The Practical skeptic
942
_c
BK
999
_c
27744
_d
27744